Cyclic deformation, fracture, and nondestructive evaluation of advanced materials (Record no. 85026)

MARC details
000 -LEADER
fixed length control field 00593nam a22001937a 4500
003 - CONTROL NUMBER IDENTIFIER
control field URS
005 - DATE AND TIME OF LATEST TRANSACTION
control field 20250828100513.0
040 ## - CATALOGING SOURCE
Transcribing agency URS
050 ## - LIBRARY OF CONGRESS CALL NUMBER
Classification number TA418.9.C6
Item number .C83 1992
100 ## - MAIN ENTRY--PERSONAL NAME
9 (RLIN) 12034
Personal name Mitchell, M. R.
245 ## - TITLE STATEMENT
Title Cyclic deformation, fracture, and nondestructive evaluation of advanced materials
264 ## - PRODUCTION, PUBLICATION, DISTRIBUTION, MANUFACTURE, AND COPYRIGHT NOTICE
Place of production, publication, distribution, manufacture Philadelphia
Name of producer, publisher, distributor, manufacturer ASTM
Date of production, publication, distribution, manufacture, or copyright notice ©1992
336 ## - CONTENT TYPE
Source rdacontent
Content type term text
337 ## - MEDIA TYPE
Source rdamedia
Media type term unmediated
338 ## - CARRIER TYPE
Source rdacarrier
Carrier type term volume
650 #0 - SUBJECT ADDED ENTRY--TOPICAL TERM
9 (RLIN) 12035
Topical term or geographic name entry element Composite materials
General subdivision Fatigue -- Congresses.
650 #0 - SUBJECT ADDED ENTRY--TOPICAL TERM
9 (RLIN) 12036
Topical term or geographic name entry element Nondestructive testing
General subdivision Congresses.
942 ## - ADDED ENTRY ELEMENTS (KOHA)
Source of classification or shelving scheme Library of Congress Classification
Koha item type Continuing Resources
Holdings
Withdrawn status Source of classification or shelving scheme Damaged status Not for loan Collection code Home library Current library Date acquired Total Checkouts Full call number Barcode Date last seen Price effective from Koha item type
  Library of Congress Classification     Non-fiction Morong Graduate Library Morong Graduate Library 04/02/2025   TA418.9.C6 .C83 1992 URSMOR-GL-5553 04/02/2025 04/02/2025 Continuing Resources

University of Rizal System
Email us at univlibservices@urs.edu.ph

Visit our Website www.urs.edu.ph/library